University Home | Library Home | Institutional Repository

Education in the Federation of Rhodesia and Nyasaland. (Record no. 28128)

MARC details
000 -LEADER
fixed length control field 00716cam2a220019300 4500
001 - CONTROL NUMBER
control field zam00009532
008 - FIXED-LENGTH DATA ELEMENTS--GENERAL INFORMATION
fixed length control field 970717n xx eng u
035 ## - SYSTEM CONTROL NUMBER
System control number (Sirsi) r139532
040 ## - CATALOGING SOURCE
Modifying agency UPRA
100 ## - MAIN ENTRY--PERSONAL NAME
Personal name Parket, Franlin.
Linkage A104897.1
245 10 - TITLE STATEMENT
Title Education in the Federation of Rhodesia and Nyasaland.
260 ## - PUBLICATION, DISTRIBUTION, ETC.
Place of publication, distribution, etc. s.l :
Name of publisher, distributor, etc. s.n,
Date of publication, distribution, etc. n.d.
500 ## - GENERAL NOTE
General note Manuscript.
520 ## - SUMMARY, ETC.
Summary, etc. Gives a history of education in the then Federation of Rhodesia and Nysaland.
650 #4 - SUBJECT ADDED ENTRY--TOPICAL TERM
Topical term or geographic name entry element Education.
Linkage S3595.1
650 #4 - SUBJECT ADDED ENTRY--TOPICAL TERM
Topical term or geographic name entry element Federation -- Northern Rhodesia -- Education.
General subdivision Federation -- Northern Rhodesia -- Education.
-- Federation -- Northern Rhodesia -- Education.
Linkage S75859.1
949 10 - LOCAL PROCESSING INFORMATION (OCLC)
m INESOR
t BOOK
l ON-SHELF

No items available.

© 2026 - The University of Zambia Library - Koha v25.11